000 00407nam a2200181Ia 4500
008 210210b1820 xxu||||| |||| 00| 0 eng d
041 _aeng
082 _a822/1129
100 _aSQUIRE (J C)
245 _aBooks in general I
260 _aLondon
_bWilliam Heinemann Ltd.
_c1820
650 _ain
650 _aI
650 _ageneral
650 _aBooks
690 _aEnglish Prose
906 _a013312
999 _c132177
_d132177